01269nam a2200313Ia 4500001001200000003000800012006001900020007001500039008004100054010001700095020001500112040002100127035002100148050002500169245012600194260004800320300002400368504005100392533015200443650003400595650003900629650005000668655002900718700002600747700002200773710001700795856012600812999001700938ebr10086847CaPaEBRm u cr cn|||||||||940523s1994 nyua sb 001 0 eng d z 94020900  z0195073134 aCaPaEBRcCaPaEBR a(OCoLC)22811842214aRA641.T5bE26 1994eb00aEcological dynamics of tick-borne zoonosesh[electronic resource] /cedited by Daniel E. Sonenshine and Thomas N. Mather. aNew York :bOxford University Press,c1994. axvi, 447 p. :bill. aIncludes bibliographical references and index. aElectronic reproduction.bPalo Alto, Calif. :cebrary,d2009.nAvailable via World Wide Web.nAccess may be limited to ebrary affiliated libraries. 0aTicks as carriers of disease. 0aTick-borne diseasesxEpidemiology. 0aTick-borne diseases in animalsxEpidemiology. 7aElectronic books.2local1 aSonenshine, Daniel E.1 aMather, Thomas N.2 aebrary, Inc.40uhttp://site.ebrary.com/lib/rucke/Doc?id=10086847zAn electronic book accessible through the World Wide Web; click to view c68206d68206